000
00296nam a2200133Ia 4500
082
_a
614
_b
N11J
100
_a
J. KISHORE
245
_a
NATIONAL HEALTH PROGRAMMES IN INDIA
250
_a
9TH
260
_b
CENTURY
_a
DELHI
_c
2011
300
_a
1-828
650
_a
COMMUNITY MEDICINE
942
_2
ddc
_c
BK
999
_c
1464
_d
1464